| 000 | 00374nam a22001337a 4500 | ||
|---|---|---|---|
| 999 |
_c17161 _d17161 |
||
| 008 | 180911b xxu||||| |||| 00| 0 eng d | ||
| 020 | _a8122426120 | ||
| 050 |
_aHF5657.4 _b.G67 2009 c.1 |
||
| 100 | _aGopal, Rama | ||
| 245 |
_aAccounting for Managers _bStarting from basics. _cRama Gopal |
||
| 260 |
_aNew Delhi _bNew Age _c2009 |
||
| 300 | _axviii, 497p. | ||
| 942 |
_2lcc _cBK |
||